Gaming Quiz

Random Gaming Quiz

LEGO Batman The Video Game Villains Quiz Stats

 Plays Quiz not verified by Sporcle

Challenge
Share
Tweet
Embed
Score 0/18 Timer 05:00
0 Plays Today
% Correct
The Joker
96.3%
The Riddler
88%
The Penguin
86.8%
Poison Ivy
85.4%
Two Face
84.9%
Catwoman
84.5%
Bane
83.1%
Mr Freeze
82.5%
Harley Quinn
81.5%
% Correct
Clayface
81.5%
Killer Croc
81.3%
Man Bat
72.8%
The Scarecrow
72.4%
Mad Hatter
68.2%
Killer Moth
67.3%
Hush
47%
Tropical Joker
10.6%
Rah's Al Ghul
9.7%

You're not logged in!

Compare scores with friends on all Sporcle quizzes.
Join for Free
OR
Log In

You Might Also Like...

Show Comments

Extras

Created Dec 18, 2010ReportNominate
Tags:Batman, lego, video, villains

Top Quizzes Today


Score Distribution

Your Account Isn't Verified!

In order to create a playlist on Sporcle, you need to verify the email address you used during registration. Go to your Sporcle Settings to finish the process.

Report this User

Report this user for behavior that violates our Community Guidelines.

Details: